The Last Will: (Record no. 531820)
[ view plain ]
| 000 -LEADER | |
|---|---|
| fixed length control field | 00349nam a22001337a 4500 |
| 003 - CONTROL NUMBER IDENTIFIER | |
| control field | NUST |
| 038 ## - RECORD CONTENT LICENSOR | |
| Staff Name | waseem |
| 082 ## - DEWEY DECIMAL CLASSIFICATION NUMBER | |
| Classification number | 297 |
| Author Mark | MUR |
| 100 ## - MAIN ENTRY--PERSONAL NAME | |
| Personal name | Murad, Khurram |
| 9 (RLIN) | 24905 |
| 245 ## - TITLE STATEMENT | |
| Title | The Last Will: |
| Remainder of title | Living and Dying for Allah / |
| Statement of responsibility, etc. | Khurram Murad |
| 260 ## - PUBLICATION, DISTRIBUTION, ETC. | |
| Place of publication, distribution, etc. | United Kingdom : |
| Name of publisher, distributor, etc. | The Islamic Foundation, |
| Date of publication, distribution, etc. | 2019. |
| 300 ## - PHYSICAL DESCRIPTION | |
| Extent | 99 p. ; |
| 942 ## - ADDED ENTRY ELEMENTS (KOHA) | |
| Source of classification or shelving scheme | |
| Koha item type | Book |
| Withdrawn status | Lost status | Source of classification or shelving scheme | Damaged status | Not for loan | Permanent Location | Current Location | Shelving location | Date acquired | Source of acquisition | Total Checkouts | Full call number | Barcode | Checked out | Date last seen | Date last checked out | Price effective from | Koha item type | Total Renewals |
|---|---|---|---|---|---|---|---|---|---|---|---|---|---|---|---|---|---|---|
| Central Library (CL) | Central Library (CL) | First Floor - Islam | 10/29/2019 | Donation | 1 | 297 MUR | CL-D-759 | 10/17/2025 | 09/17/2025 | 09/17/2025 | 10/29/2019 | Book | ||||||
| Central Library (CL) | Central Library (CL) | First Floor - Islam | 10/29/2019 | Donation | 3 | 297 MUR | CL-D-760 | 04/16/2026 | 01/19/2026 | 10/29/2019 | Book | 1 |
